000 00689nam a2200169 a 4500
008 120416s0000 ||||||||||||||||| || u
020 _a0333264525
050 _aHG 4135 Mid
100 _aMidgley, Kenneth
245 1 0 _aBusiness finance and the capital market
250 _a3rd ed.
260 _aLondon
_bMacmillan
_c1979
300 _axv, 454p. : ill.
350 _a0.00
995 _aANNEX COLLECTION (Main Library)
_D0.00
_e726680
_FCBU-MAIN LIBRARY (Kitwe)
_H2
_I8.55
_jHG 4135 Mid
_M1
_UAVAILABLE
_y007516
_ZAnnex Low-Usage Collection
995 _aANNEX COLLECTION (Main Library)
_D0.00
_e007517
_FCBU-MAIN LIBRARY (Kitwe)
_H1
_I8.55
_jHG 4135 Mid
_UAVAILABLE
_y007517
_ZAnnex Low-Usage Collection
999 _c77896
_d77896